书目信息 |
| 题名: |
善谋国 善谋身
|
|
| 作者: | 丁雷 编撰 | |
| 分册: | ||
| 出版信息: | 北京 中央编译出版社 2005.02 |
|
| 页数: | 254页, [14] 页图版 | |
| 开本: | 23cm | |
| 丛书名: | ||
| 单 册: | ||
| 中图分类: | J905.2 , K820.34 | |
| 科图分类: | ||
| 主题词: | 电视系列片--dian shi xi lie pian--研究--中国--现代 , 历史人物--li shi ren wu--研究--中国--汉代 | |
| 电子资源: | ||
| ISBN: | 7-80211-078-5 | |
| 000 | 01036nam0 2200265 450 | |
| 001 | 012008819409 | |
| 005 | 20080314165202.53 | |
| 010 | @a7-80211-078-5@dCNY26.80 | |
| 100 | @a20080314d2005 km y0chiy0120 ea | |
| 101 | 0 | @achi |
| 102 | @aCN@b110000 | |
| 105 | @aaf z 000yy | |
| 106 | @ar | |
| 200 | 1 | @a善谋国 善谋身@Ashan mou guo shan mou shen@e对巨型史诗剧《汉武大帝》的另类解读@f丁雷编撰@Fding lei bian zhuan |
| 210 | @a北京@c中央编译出版社@d2005.02 | |
| 215 | @a254页, [14] 页图版@c彩图@d23cm | |
| 330 | @a在个人权力大于法制的古代中国,人生的吉凶祸福似乎是无常的,你既不能靠你的权势来保护家人,也不能靠个人的小心谨慎的品格来保全自身。 | |
| 517 | 1 | @a对巨型史诗剧《汉武大帝》的另类解读@Adui ju xing shi shi ju《han wu da di》de ling lei jie du |
| 606 | 0 | @a电视系列片@Adian shi xi lie pian@x研究@y中国@z现代 |
| 606 | 0 | @a历史人物@Ali shi ren wu@x研究@y中国@z汉代 |
| 690 | @aJ905.2@v4 | |
| 690 | @aK820.34@v4 | |
| 701 | 0 | @a丁雷@Ading lei@4编撰 |
| 801 | 0 | @aCN@bQSSK@c20080314 |
| 905 | @b20282711-13@dJ905.2@eD543@f3 | |
| 善谋国 善谋身:对巨型史诗剧《汉武大帝》的另类解读/丁雷编撰.-北京:中央编译出版社,2005.02 |
| 254页, [14] 页图版:彩图;23cm |
| ISBN 7-80211-078-5:CNY26.80 |
| 在个人权力大于法制的古代中国,人生的吉凶祸福似乎是无常的,你既不能靠你的权势来保护家人,也不能靠个人的小心谨慎的品格来保全自身。 |
| ● |
| 相关链接 |
|
|
|
正题名:善谋国 善谋身
索取号:J905.2/D543
 
预约/预借
| 序号 | 登录号 | 条形码 | 馆藏地/架位号 | 状态 | 备注 |
| 1 | 282711 | 202827110 | 社科库309/309社科库 97排3列3层/ [索取号:J905.2/D543] | 在馆 | |
| 2 | 282712 | 202827129 | 社科库309/309社科库 97排3列3层/ [索取号:J905.2/D543] | 在馆 | |
| 3 | 282713 | 202827138 | 社科库309/309社科库 97排3列3层/ [索取号:J905.2/D543] | 在馆 |